000 00649nam a2200229Ia 4500
003 OSt
005 20221006164901.0
006 a|||||r|||| 00| 0
007 ta
008 221006b |||||||| |||| 00| 0 eng d
024 _a1,242
037 _cTextual
040 _aFML
_cFML
_beng
041 _2eng
_aeng
082 _aNR55wL56:g, J5
100 _aKing A Hyatt Au.
_9678576
245 0 _aMozart in Retrospect
_b Studies in Entiesm and Bibliography
260 _aLondon
_bOxford University Press
_c1955
300 _a280
_ccm.
942 _hNR55wL56:g, J5
_cTEXL
_2CC
999 _c1118811
_d1118811